000 00696nam a2200217Ia 4500
003 GCL
008 140319s9999 xx 000 0 ara d
040 _aGCL /
_cGCL
082 0 4 _a219.1
_bم ف
100 1 _aمحمود النجيرى
245 1 0 _aفى انتظار حورية من الجنة /
_cمحمود النجيرى
260 _a[S.N] :
_bمكتبة التراث الاسلامى ،
_c1990
300 _a176 ص
490 _a
650 0 4 _aالاخلاق الاسلامية
650 0 4 _aالاداب الاسلامية
650 0 4 _aالشريعة الاسلامية
650 0 4 _aالفقه الاسلامى
650 0 4 _aالمرأة فى الاسلام
942 _2ddc
_cBK
999 _c53848
_d53848